00690nam a2200217 a 450000100060000000300080000600500170001400800410003103500190007204000270009104100080011808200260012610000210015224500680017326000390024130000330028049000410031350400500035465000250040483000430042961680BD-RjUL20211209081006.0170121s1972 nyua b 001 0 eng d a(BD-RjUL)61804 aDLCcDLCdBD-RjULbeng aeng a551.515223bHOI 197210aHolton, James R.13aAn introduction to dynamic meteorology /c[by] James R. Holton. aNew York :bAcademic Press,cc1972 axi, 319 p. :bill. ;c24 cm.1 aInternational geophysics series,v16 aIncludes Bibliography: p. 309-311. and index  0aDynamic meteorology. 0aInternational geophysics series ;v16.